| 000 | 00862nam0a22002411 4500 | ||
|---|---|---|---|
| 001 | rc\4397307 | ||
| 005 | 20260407143759.0 | ||
| 021 |
_aRU _bРг3520-64 |
||
| 035 | _a(NLR Aleph) 008296567 | ||
| 090 |
_a8609405 _c8609405 |
||
| 100 | _a20130416d1964 |||y0rusy50 ca | ||
| 101 | 0 | _arus | |
| 102 | _aRU | ||
| 105 | _aa z ||||| | ||
| 200 | 1 |
_aДвигатель одноцилиндровый воздушного охлаждения _eД-300 _eКраткое описание и правила эксплуатации _fВ/О "Техноэкспорт" |
|
| 210 |
_a[Ленинград _cБ. и. _d1964] |
||
| 215 |
_a32 с. _cил. _d22 |
||
| 712 | 0 | 2 |
_a"Техноэкспорт", всесоюзное об-ние _3RU\NLR\AUTH\8810016356 _9530560 |
| 801 | 0 |
_aRU _bNLR _gpsbo |
|
| 801 | 1 |
_aRU _bELAR _2rusmarc |
|
| 852 |
_aNLR _j64-6/4933 |
||
| 942 | _cBOOK | ||
| 980 | _aNB | ||